| 000 | 00625nam a22002057a 4500 | ||
|---|---|---|---|
| 005 | 20250723120512.0 | ||
| 010 | _aENG-146094 | ||
| 020 |
_a978936183572 _c100.00 |
||
| 035 | _aEN-129626 | ||
| 037 | _bDBAD | ||
| 082 |
_21 _a891 |
||
| 100 |
_aAsudani, Vinod _983172 |
||
| 245 |
_aMakers of Indian Literature: _bArjan Hasid/ _cVinod Asudani [and] Kishor Lalwani |
||
| 250 | _a1 | ||
| 260 |
_aNew Delhi _bSahitya Akademi _c2025 |
||
| 270 |
_aRabindra Bhavan, 35, Ferozshah Road _bNew Delhi _e110001 |
||
| 300 |
_a67p. _c22cm(pb) |
||
| 700 |
_aLalwani, Kishor _eAuthor _983173 |
||
| 942 |
_2ddc _cEN _mASU _h891 |
||
| 999 |
_c212486 _d212486 |
||